Stati con il maggior numero di parlanti Spagnolo - Statistics

Statistiche generali
  • Questo quiz è stato fatto 16 volte
  • Il punteggio medio è 10 su 10
Statistiche sulle risposte
Numero parlanti Continente Nazione % Corretto
46 234 830 America del Sud Argentina
100%
19 828 563 America del Sud Cile
100%
51 609 474 America del Sud Colombia
100%
17 357 886 America del Nord Guatemala
100%
130 118 356 America del Nord Messico
100%
47 615 034 Europa Spagna
100%
56 757 391 America del Nord Stati Uniti
100%
33 360 238 America del Sud Venezuela
100%
33 470 569 America del Sud Perù
93%
16 149 014 America del Sud Ecuador
87%
Nessun quiz corrispondente trovato
Distribuzione punteggi
Percentuale di utenti per punteggio
Percentile per numero di risposta
I tuoi punteggi nel tempo
Non hai fatto questo quiz